000 00245nam a22001217a 4500
008 181102b xxu||||| |||| 00| 0 eng d
041 _aeng
080 _a541
100 _a12
101 _aKIM
245 _aChemistry
_cBarnes
942 _2udc
_cBK
999 _c51630
_d51630